Statistics for Top 15 Best Catholic Colleges in the United States

Click here to take the quiz!

General Stats

  • This quiz has been taken 86 times
  • The average score is 7 of 15

Answer Stats

RankingState or DistrictAnswer% Correct
1IndianaUniversity of Notre Dame
98%
2Washington D.C.Georgetown University
89%
3MassachusettsBoston College
77%
4PennsylvaniaVillanova University
61%
13NebraskaCreighton University
56%
7CaliforniaLoyola Marymount University
45%
8MissouriSaint Louis University
45%
5MassachusettsCollege of the Holy Cross
42%
6CaliforniaSanta Clara University
39%
9CaliforniaUniversity of San Diego
38%
10OhioUniversity of Dayton
34%
14OregonUniversity of Portland
31%
15MarylandLoyola University Maryland
30%
11MinnesotaUniversity of St. Thomas, Minnesota
30%
12ConnecticutFairfield University
27%

Score Distribution

Percentile by Number Answered

Percent of People with Each Score

Your Score History

You have not taken this quiz